000 00872nam a2200229 a 4500
005 20140310183529.0
008 111013s19uu xx 00 eng d
010 _a2009030759
020 _a9781441174765
050 _aLB 1065
_b.Sp668 2010
100 _aSpooner, Liz
245 _aTeaching children to listen :
_ba practical approach to developing children's listening skills /
_cLiz Spooner and Jacqui Woodcock.
260 _aLondon ; New York :
_bContinuum International Pub. Group,
_c2010.
300 _a129 p. :
_bill. ;
_c30 cm.
500 _aIncludes bibliographical references and index.
521 _aEDU
650 _aListening comprehension
_xStudy and teaching (Elementary)
_xActivity programs
650 _aEnglish language
_xStudy and teaching (Elementary)
_xActivity programs
700 _aWoodcock, Jacqui
942 _cBK
_2lcc
_kFOR
999 _c24571
_d24571